| 000 | 00497nam a2200193Ia 4500 | ||
|---|---|---|---|
| 003 | OSt | ||
| 005 | 20250808151024.0 | ||
| 008 | 250729s2006 xx 000 0 und d | ||
| 020 | _a978-8184110487 | ||
| 040 | _cAL | ||
| 041 | _aeng | ||
| 082 | _a001.51 HART | ||
| 100 |
_aKumri V Lakshmi _9221135 |
||
| 245 | _aTechniues of teaching home science | ||
| 260 |
_aNew Delhi _bOrbis Books Sonali Publication _c2006 |
||
| 300 | _a246p | ||
| 650 |
_aComputer Education _9221136 |
||
| 942 |
_2ddc _cBED |
||
| 999 |
_c234869 _d234869 |
||